000 00269nam a22001337a 4500
008 170526b xxu||||| |||| 00| 0 eng d
020 _a18003348511
041 _aeng
080 _a61
100 _a3
101 _aSHM
245 _aWECK OPHTHALMIC
942 _2udc
_cBK
999 _c14334
_d14334